Geography Quiz

Random Geography or Blitz Quiz

60 Second Blitz: Borders of Russia Quiz Stats

 Plays Quiz Updated Jun 10, 2014

Support Sporcle.
Go Orange.
Score 0/14 Timer 01:00
7 Plays Today
Countries % Correct
China
95.5%
Ukraine
87.9%
Mongolia
84.6%
Estonia
79.4%
Latvia
79.4%
Finland
76.6%
Lithuania
76.5%
Countries % Correct
Belarus
76.4%
Kazakhstan
75%
Georgia
70.4%
North Korea
66.4%
Poland
66%
Azerbaijan
58.7%
Norway
50.4%

You're not logged in!

Compare scores with friends on all Sporcle quizzes.
OR
Log In

From the Vault

1970s Movies A-Z

by ghcgh

So much time and so few quizzes to play. Wait a minute. Strike that. Reverse it.
Remove Ads.
Support Sporcle.
Get the best of Sporcle when you Go Orange. This ad-free experience offers more features, more stats, and more fun while also helping to support Sporcle. Thank you for becoming a member.

Show Comments

Extras

Top Quizzes Today


Score Distribution

Your Account Isn't Verified!

In order to create a playlist on Sporcle, you need to verify the email address you used during registration. Go to your Sporcle Settings to finish the process.

Report this User

Report this user for behavior that violates our Community Guidelines.

Details: